| 000 | 00835nam a2200217 i 4500 | ||
|---|---|---|---|
| 001 | 164888 | ||
| 003 | ES-MaACL | ||
| 005 | 20250804012828.0 | ||
| 008 | 950206s1881 sp |||| | spa d | ||
| 100 | 1 |
_aSchelling, Friedrich Wilhelm Joseph. _9104293 |
|
| 245 | 1 | 0 |
_aBruno o Del principio divino y natural de las cosas / _cF.W.J. de Schelling. |
| 246 | 3 | _aDel principio divino y natural de las cosas | |
| 260 |
_aMadrid : _b[s.n.], _c1881 ( _fImp. de R. Angulo) |
||
| 300 |
_a203 p. ; _c15 cm. |
||
| 490 | 1 |
_aBiblioteca económica filosófica ; _v4 |
|
| 650 | 7 |
_aMetafísica _2embne _915012 |
|
| 752 |
_aEspaña - _dMadrid |
||
| 830 | 1 | 0 |
_aBiblioteca económica filosófica _v4 _9183234 |
| 852 |
_aES-MaACL _jL-4894(1-1) _z- Enc. hol., conservando cub. original _z- Enc. en un vol. facticio |
||
| 999 |
_c164888 _d164888 |
||